| 000 | 01687nam a2200433Ia 4500 | ||
|---|---|---|---|
| 001 | ebr10245807 | ||
| 003 | CaPaEBR | ||
| 006 | m u | ||
| 007 | cr cn||||||||| | ||
| 008 | 000218s2000 txu sb 001 0 eng d | ||
| 010 | _z 00025962 | ||
| 020 | _z0292765916 | ||
| 020 | _z9780292765917 | ||
| 020 | _z9780292798939 | ||
| 040 |
_aCaPaEBR _cCaPaEBR |
||
| 035 | _a(OCoLC)560580679 | ||
| 050 | 1 | 4 |
_aPR6019.O9 _bZ78236 2000eb |
| 100 | 1 |
_aPotts, Willard, _d1929- |
|
| 245 | 1 | 0 |
_aJoyce and the two Irelands _h[electronic resource] / _cWillard Potts. |
| 250 | _a1st ed. | ||
| 260 |
_aAustin : _bUniversity of Texas Press, _c2000. |
||
| 300 | _axi, 220 p. | ||
| 490 | 1 | _aLiterary modernism series | |
| 504 | _aIncludes bibliographical references (p. 211-216) and index. | ||
| 533 |
_aElectronic reproduction. _bPalo Alto, Calif. : _cebrary, _d2009. _nAvailable via World Wide Web. _nAccess may be limited to ebrary affiliated libraries. |
||
| 600 | 1 | 0 |
_aJoyce, James, _d1882-1941 _xCharacters _xCatholics. |
| 600 | 1 | 0 |
_aJoyce, James, _d1882-1941 _xCharacters _xProtestants. |
| 600 | 1 | 0 |
_aJoyce, James, _d1882-1941 _xKnowledge _xIreland. |
| 650 | 0 | _aCatholics in literature. | |
| 650 | 0 |
_aChristianity and literature _zIreland _xHistory _y20th century. |
|
| 650 | 0 |
_aModernism (Literature) _zIreland. |
|
| 650 | 0 | _aNationalism in literature. | |
| 650 | 0 | _aProtestants in literature. | |
| 651 | 0 |
_aIreland _xIn literature. |
|
| 655 | 7 |
_aElectronic books. _2local |
|
| 710 | 2 | _aebrary, Inc. | |
| 830 | 0 | _aLiterary modernism series. | |
| 856 | 4 | 0 |
_uhttp://site.ebrary.com/lib/rucke/Doc?id=10245807 _zAn electronic book accessible through the World Wide Web; click to view |
| 999 |
_c35613 _d35613 |
||